Кластерный подход к стимулированию инновационной деятельности в промышленности строительных материалов ( на примере Хабаровского края): автореферат диссертации на соискание ученой степени кандидата экономических наук; спец.08.00.05

ग्रंथसूची विवरण
मुख्य लेखक: Семенчук В. В. Василий Владимирович
निगमित लेखक: Дальневосточная академия государственной службы Кафедра "Финансы и кредит"
अन्य लेखक: Миндогулов В. В. Владимир Валеевич (научный руководитель)
सारांश:Защита сост. 15.04.2010 г.
भाषा:रूसी
प्रकाशित: Владивосток, 2010
विषय:
स्वरूप: MixedMaterials पुस्तक
KOHA link:https://koha.lib.tpu.ru/cgi-bin/koha/opac-detail.pl?biblionumber=179247

MARC

LEADER 00000nam0a2200000 4500
001 179247
005 20231101223448.0
035 |a (RuTPU)RU\TPU\book\194311 
090 |a 179247 
100 |a 20100416d2010 k y0rusy50 ca 
101 0 |a rus 
102 |a RU 
105 |a a dm 001zy 
200 1 |a Кластерный подход к стимулированию инновационной деятельности в промышленности строительных материалов ( на примере Хабаровского края)  |e автореферат диссертации на соискание ученой степени кандидата экономических наук  |e спец.08.00.05  |f В. В. Семенчук  |g Дальневосточная академия государственной службы, Кафедра "Финансы и кредит" ; науч. рук. В. В. Миндогулов 
210 |a Владивосток  |d 2010 
215 |a 22 с.  |c ил. 
300 |a Защита сост. 15.04.2010 г. 
320 |a Библиогр.: с. 20-21 (10 назв.). 
606 1 |a Промышленность строительных материалов  |x Экономика  |2 stltpush  |3 (RuTPU)RU\TPU\subj\52349  |9 70834 
606 1 |a Инновации  |2 stltpush  |3 (RuTPU)RU\TPU\subj\67423  |9 83236 
610 1 |a строительные материалы 
610 1 |a производство 
610 1 |a инновационная деятельность 
610 1 |a стратегическое управление 
610 1 |a кластерный подход 
610 1 |a региональная экономика 
610 1 |a Хабаровский край 
610 1 |a строительный комплекс 
610 1 |a кластеры 
610 1 |a функционирование 
610 1 |a эффективность 
610 1 |a оценка 
610 1 |a авторефераты диссертаций 
610 1 |a управление 
675 |a 691.002:658(04)  |v 3 
686 |a 08.00.08  |2 oksvnk 
686 |a У9(2)0-551  |2 rubbk 
700 1 |a Семенчук  |b В. В.  |g Василий Владимирович 
702 1 |a Миндогулов  |b В. В.  |g Владимир Валеевич  |4 727 
712 0 2 |a Дальневосточная академия государственной службы  |b Кафедра "Финансы и кредит"  |2 stltpush  |3 (RuTPU)RU\TPU\col\9323 
801 1 |a RU  |b 63413507  |c 20100416 
801 2 |a RU  |b 63413507  |c 20100427  |g RCR 
942 |c BK